000 01164nam0a2200289 4500
001 RU\NLR\ONL1\1856
005 20250613113558.0
035 _a(NLR Aleph) 009630614
090 _a9491013
_c9491013
100 _a20030905d1939 |||y0rusy50 ca
101 0 _achm
102 _aRU
105 _aa |||||||||
200 1 _aСССР-ын физический географийже
_eНепольный средний ден средний школлан лукмо учебник
_e1 ужаш
_e7-ше классшылан
_fБаранский Н. Н.
205 _a2-е изд.
_bиспр.
210 _aМ.
_cУчпедгиз
_d1939
215 _a112 с.
_cил., карт.
_d22
541 1 _aФизическая география СССР.
_eУчебник для неполной сред. и сред. шк.
_zrus
607 _aСССР
_xГеография
_91012711
_3RU\NLR\auth\6668120
686 1 _aД89я7
700 1 _aБаранский
_bН. Н.
_gНиколай Николаевич
_4070
801 0 _aRU
_bNLR
_c20030905
_gPSBO
852 _aNLR
_bОНЛ
_jМар.л./3-137
942 _cBOOK
980 _aNB